| 000 | 00937cam a2200313 a 4500 | ||
|---|---|---|---|
| 001 | 22387 | ||
| 003 | SK-KTurca | ||
| 005 | 20260327142806.0 | ||
| 008 | 240318s2014 xo e 000 f slo | ||
| 015 | _aSNBA2015/04 | ||
| 020 |
_a9788081144318 _q(brož.) |
||
| 035 | _aA82B00B1-6E37-4AB7-8EC5-2C64B35A4732 | ||
| 035 | _aurn:nbn:sk:snk-amjpif | ||
| 035 | _aurn:nbn:sk:snk-am003mp7 | ||
| 040 |
_aPOKPOH _bslo _cPOKPOH _dSNK _eAACR2 |
||
| 041 | 0 | _aslo | |
| 044 |
_axo _cSK |
||
| 072 | 7 |
_a821.162.4-3 _xSlovenská próza _2konspekt |
|
| 080 |
_a821.162.4-31 _22001 |
||
| 100 | 1 |
_aMonošová, Martina, _d1972- _4aut |
|
| 245 | 1 | 0 |
_aPerly tej druhej _cMartina Monošová |
| 250 | _a1. vyd. | ||
| 260 |
_aBratislava _bMarenčin PT _c2014 |
||
| 300 |
_a255 s. _c17 cm |
||
| 655 | 7 |
_aslovenské romány _2SNKPH |
|
| 655 | 7 |
_aSlovak fiction _2SNKPHeng |
|
| 942 |
_2ddc _cKLDO _n0 |
||
| 999 |
_c22387 _d22387 |
||